कर्नाटक दर्शन (Record no. 353365)

MARC details
000 -LEADER
fixed length control field 00604nam a2200229Ia 4500
003 - CONTROL NUMBER IDENTIFIER
control field OSt
005 - DATE AND TIME OF LATEST TRANSACTION
control field 20220923222024.0
008 - FIXED-LENGTH DATA ELEMENTS--GENERAL INFORMATION
fixed length control field 220922b |||||||| |||| 00| 0 kan d
037 ## - SOURCE OF ACQUISITION
Terms of availability Textual
040 ## - CATALOGING SOURCE
Original cataloging agency ARTS
Transcribing agency ARTS
Language of cataloging kan
041 ## - LANGUAGE CODE
Source of code kan
Language code of text/sound track or separate title kan
245 #0 - TITLE STATEMENT
Title कर्नाटक दर्शन
246 ## - VARYING FORM OF TITLE
Title proper/short title Karnāṭak darshana
260 ## - PUBLICATION, DISTRIBUTION, ETC.
Date of publication, distribution, etc. 1977
650 ## - SUBJECT ADDED ENTRY--TOPICAL TERM
Topical term or geographic name entry element कन्नड़ साहित्य
9 (RLIN) 156264
942 ## - ADDED ENTRY ELEMENTS (KOHA)
Classification part O33,6x, 152K5
Koha item type Textual
Source of classification or shelving scheme Colon Classification (CC)
Holdings
Withdrawn status Lost status Damaged status Not for loan Home library Current library Date acquired Total Checkouts Full call number Barcode Date last seen Price effective from Koha item type Public note
        Arts Library Arts Library 2022-09-23   O33,6x 152K5 AL0204267 2022-09-23 2022-09-23 Textual Translated from Telugu to Hindi.
Copyright @ Delhi University Library System